|
|
|
|
| LEADER |
01587cam a2200313 7i4500 |
| 001 |
0000025142 |
| 005 |
20101126090000.0 |
| 090 |
0 |
0 |
|a M 381.13025
|b KEM
|
| 110 |
2 |
0 |
|a Kementerian Perdagangan Dalam Negeri, Koperasi dan Pengguna (KPDNKK)
|
| 245 |
2 |
0 |
|a Direktori Francais =
|l Franchise directory.
|
| 260 |
0 |
0 |
|a Putrajaya:
|b Kementerian Perdagangan Dalam Negeri, Koperasi dan Pengguna (KPDNKK),
|c 2010.
|
| 300 |
# |
# |
|a 315 p.
|
| 650 |
0 |
0 |
|a Franchises (Retail trade) --
|x Directories --
|z Malaysia
|
| 650 |
0 |
0 |
|a Food --
|x Franchises (Retail trade) --
|x Directories --
|z Malaysia
|
| 650 |
0 |
0 |
|a Services and maintenance --
|x Franchises (Retail trade) --
|x Directories --
|z Malaysia
|
| 650 |
0 |
0 |
|a Convenience store --
|x Directories --
|z Malaysia
|
| 650 |
0 |
0 |
|a Supermarkets --
|x Directories --
|z Malaysia
|
| 650 |
0 |
0 |
|a Learning centre --
|x Directories --
|z Malaysia
|
| 650 |
0 |
0 |
|a Nursery --
|x Directories --
|z Malaysia
|
| 650 |
0 |
0 |
|a Health care --
|x Directories --
|z Malaysia
|
| 650 |
0 |
0 |
|a IT telecommunications --
|x Directories --
|z Malaysia
|
| 650 |
0 |
0 |
|a Clothing and accessories --
|x Directories --
|z Malaysia
|
| 651 |
0 |
0 |
|a Malaysia
|
| 999 |
|
|
|a JHR000237H
|b Directories
|c Malaysia
|e MATRADE Southern Regional Office
|
| 999 |
|
|
|a 0000027741
|b Directories
|c Malaysia
|e Business Information Centre
|
| 999 |
|
|
|a PNG000944H
|b Directories
|c Malaysia
|e MATRADE Northern Regional Office
|
| 999 |
|
|
|a SBH000914H
|b Directories
|c Malaysia
|e MATRADE Sabah
|
| 999 |
|
|
|a SRW000341H
|b Directories
|c Malaysia
|e MATRADE Sarawak
|
| 999 |
|
|
|a TRG000226H
|b Directories
|c Malaysia
|e MATRADE Eastern Regional Office
|